00597nam 22001813 4500001000700000021000700007100004100014200004800055210003900103215002800142300009700170606002600267610001200293675002500305700003800330801001800368830002900386202826 aPT a20231110d u||y0pory50 ba aOs meninos de ourofAgustina Bessa - Luís aLisboacGuimarães Editoresd1983 a315 p.cbrochadod21 cm aContém dedicatória na folha de guarda Notas do Professor Dr. Almeida Faria na contracapa aLiteratura Portuguesa aRomance a821.134.3-3vPTzpor aLuísbAgustina Bessaf1922-2019 aPTbBMMNgRPC cAna FalardofAna Falardo